00692nam a2200229 a 4500001001300000003000900013005001700022008004100039020002300080082001300103100001800116245006000134260003600194300000900230500003500239650002400274700001800298902000800316942000700324952011400331999001700445nice12345678IN_TiNIC20260116014011.0121015s1991 newa grp 000 0 eng  a9780140124866c39900a190bRAB aRabinow, Paul aFoucault Readerb An Introduction to Foucault`s Thought aNew DelhibPenguin Books c1991 a390p aincludes index and biblioraphy aPhilosophy-Foucault1 aRabinow, Paul bSRS cBK 001040708StackRoom-aHMIbHMId2012-10-15g399.00l0o190 RABp023924r2012-10-15v399.00w2012-10-15yBK c13444d13444